Czech Republic hockey squad 2024 - Statistics

General Stats
  • This quiz has been taken 75 times
  • The average score is 16 of 25
Answer Stats
Hint Answer % Correct
Forward David Pastrnak
98%
Goalkeeper Lukas Dostal
93%
Forward Roman Cervenka
92%
Defence Radko Gudas
90%
Forward Martin Necas
85%
Goalkeeper Karel Vejmelka
83%
Forward Lukas Sedlak
78%
Forward David Kampf
73%
Forward Pavel Zacha
69%
Goalkeeper Petr Mrazek
68%
Forward Dominik Kubalik
66%
Defence Tomas Kundratek
63%
Defence David Spacek
61%
Forward Ondrej Palat
61%
Defence Michal Kempny
51%
Forward Ondrej Kase
51%
Defence Jakub Krejcik
47%
Forward Daniel Vozenilek
46%
Defence Libor Hajek
46%
Defence Jan Rutta
44%
Forward Matej Stransky
44%
Defence Jan Scotka
41%
Forward Ondrej Beranek
39%
Forward David Tomasek
37%
Forward Jachym Kondelik
37%
No matching quizzes found
Score Distribution
Percent of People with Each Score
Percentile by Number Answered
Your Score History
You have not taken this quiz